Catàleg del Col·legi de Periodistes de Catalunya

Crónica sentimental de la transición (Registre núm. 7752)

000 -CABECERA
Campo de control de longitud fija 00607nam a22001577a 4500
008 - CAMPO FIJO DE DESCRIPCIÓN FIJA--INFORMACIÓN GENERAL
Campo de control de longitud fija 230712b ||||| |||| 00| 0 eng d
020 ## - ISBN (INTERNATIONAL STANDARD BOOK NUMBER)
ISBN 9788419563217
040 ## - FUENTE DE CATALOGACIÓN
Agencia de catalogación original CDMR
Agencia que realiza la transcripción CDMR
100 1# - ENCABEZAMIENTO PRINCIPAL--NOMBRE PERSONAL
9 (RLIN) 766
Nombre de persona Vázquez Montalbán, Manuel
245 ## - MENCIÓN DE TÍTULO
Título Crónica sentimental de la transición
Mención de responsabilidad, etc. / Manuel Vázquez Montalbán
260 ## - PUBLICACIÓN, DISTRIBUCIÓN, ETC (PIE DE IMPRENTA)
Lugar de publicación, distribución, etc. Barcelona :
Nombre del editor, distribuidor, etc. Folch&Folch,
Fecha de publicación, distribución, etc. 2023
300 ## - DESCRIPCIÓN FÍSICA
Extensión 462 pàgines
505 ## - NOTA DE CONTENIDO FORMATEADA
Nota de contenido con formato preestablecido Articles publicats al suplement dominical d'El País entre el 6 de gener i el 4 d'agost de 1985. Inclou un índex onomàstic
650 #0 - ASIENTO SECUNDARIO DE MATERIA--TÉRMINO DE MATERIA
9 (RLIN) 3703
Nombre de materia o nombre geográfico como elemento de entrada Espanya
Subdivisión general Història
Subdivisión cronológica 1975-1982, Transició
942 ## - ELEMENTOS KOHA
Fuente de clasificación o esquema de ordenación en estanterías
Koha tipo de item Monografies
Fons
Suprimido Perdido Fuente de clasificación o esquema de ordenación en estanterías Estropeado No se presta Localización (Biblioteca) Sublocalización o Colección (subbiblioteca) Fecha de adquisición Fuente de adquisición Coste, precio normal de compra Koha préstamos (veces que ha sido prestado) Koha signatura completa Designación de pieza (código de barras) Koha Fecha de último uso Koha Fecha de último préstamo Precio Koha tipo de item
          Centre de Documentació Montserrat Roig Centre de Documentació Montserrat Roig 2023-07-12 Donació 24.00 1 Du 6/124 CDMR23070004 2023-10-19 2023-09-12 2023-07-12 Monografies

Implantat amb Koha